LEADER 01074nam a2200217 i 4500 001 000000254290 003 CaOOAMICUS 005 20170601000000.0 008 170601s1825 it u000 u ita u 013 $a233195 026 $ailni noer n-in elsa (7) 1825 (A) 040 $aSeMil$bita 245 10$aTomo 4. 300 $a199 [i.e. 205, 3] p., [3] c. di tav. :$bill. calcogr. 490 0 $aCompendio della Storia universale antica e moderna ;$v118 500 $aLe p. 201-205 erron. num. 195-199. 773 0 $aCompagnoni, Giuseppe <1754-1833>$tStoria dei Tartari compilata dal sig. Giuseppe Belloni antico militare italiano e pubblicata in continuazione al Compendio della storia universale del sig. Conte di Segur. Tomo 1. [-7. ed ultimo].$dMilano : Presso Ant. Fort. Stella e figli, 1825.$g4$w()12219 830 0$aCompendio della Storia universale antica e moderna ;$v118.$0(OLS)http://semarc/title/401073 850 $aSeMil 852 $aSeMil$W1$xVenegono$y1$m3V I 118 FA$j204636$B204636$CSeMilBibl$Z2$F218163 $8I 996 $6245$aTomo 4$9(OLS)http://semarc/title/136909 LEADER 00888nam a2200193 i 4500 001 000000216483 003 CaOOAMICUS 005 20121023000000.0 008 121023s1715 it u000 u ita u 013 $a195373 026 $a58li oni- o.di esci (3) 1715 (R) 040 $aSeMil$bita 245 10$aParte seconda. 300 $a559, [41] p. 500 $aSegn. : A-2B12. 773 0 $aPuente, Luis : de la $tGuida spirituale, in cui si tratta dell'orazione, meditazione, e contemplazione: delle Divine visite ... Composta dal padre Lodovico Ponte ... Tradotta già dalla lingua spagnuola nell'italiana da monsignor Alessandro Sperelli ... Parte 1.[-2.].$dVenezia : Presso Paolo Baglioni, 1715.$g2$w()27464 850 $aSeMil 852 $aSeMil$W1$xVenegono$y1$m2C II 56 FA$j166901$B166901$CSeMilBibl$Z2$F177734 $8I 996 $6245$aParte seconda$9(OLS)http://semarc/title/101303